Deep Fakes a ochrana súkromia

Technológia Deep Fake, jej definovanie a určenie jej pozitívnych a negatívnych vplyvov. Právna analýza právnej úpravy týkajúcej sa zodpovednosti za cudzí obsah na internete a ochrany osobných údajov s ohľadom na vhodnosť právnej úpravy a diskutovanej technológie.

Gespeichert in:
Bibliographische Detailangaben
1. Verfasser: Mesarčík, Matúš
Weitere Verfasser: Zimen, Ondrej
Format: Buchkapitel
Sprache:Slowakisch
Schlagworte:
Tags: Tag hinzufügen
Keine Tags, Fügen Sie das erste Tag hinzu!

MARC

LEADER 00000naa a2200000 4500
001 0267351
005 20200729141100.5
041 0 |a slo 
044 |a SK 
245 1 0 |a Deep Fakes a ochrana súkromia  |c Matúš Mesarčík, Ondrej Zimen 
520 |a Technológia Deep Fake, jej definovanie a určenie jej pozitívnych a negatívnych vplyvov. Právna analýza právnej úpravy týkajúcej sa zodpovednosti za cudzí obsah na internete a ochrany osobných údajov s ohľadom na vhodnosť právnej úpravy a diskutovanej technológie. 
610 2 0 |a ochrana údajov osobných 
610 2 0 |a internet 
610 2 0 |a Európska únia 
610 2 0 |a kriminalita počítačová 
610 2 0 |a technológie nové 
610 2 0 |a technológie informačné 
610 2 0 |a spracovanie dát 
610 2 0 |a inteligencia umelá 
100 1 |a Mesarčík, Matúš 
700 1 |a Zimen, Ondrej